书目信息 |
| 题名: |
校园园林绿地设计
|
|
| 作者: | 刘丽和 编著 | |
| 分册: | ||
| 出版信息: | 北京 中国林业出版社 2001.04 |
|
| 页数: | 155页 | |
| 开本: | 23cm | |
| 丛书名: | ||
| 单 册: | ||
| 中图分类: | TU985.12 | |
| 科图分类: | ||
| 主题词: | 绿化规划 | |
| 电子资源: | ||
| ISBN: | 7-5038-2674-6 | |
| 000 | 00559nam0 2200193 45 | |
| 001 | 0255891667 | |
| 005 | 2002041015313119 | |
| 010 | @a7-5038-2674-6@dRMB 26.00 | |
| 100 | @a20020410d2001 km y0chiy0120 ea | |
| 101 | 0 | @achi |
| 102 | @aCN@b110000 | |
| 200 | 1 | @a校园园林绿地设计@AXiao Yuan Yuan Lin Lu Di She Ji@f刘丽和编著@FLiu Li He Bian Zhu |
| 210 | @a北京@c中国林业出版社@d2001.04 | |
| 215 | @a155页@d23cm | |
| 606 | 0 | @a绿化规划 |
| 690 | @aTU985.12@v3 | |
| 701 | 0 | @a刘丽和@ALiu Li He@4编著 |
| 801 | 0 | @aCN@bPFT@c20020410 |
| 905 | @a安徽大学@dTU985.12@eL642 | |
| 校园园林绿地设计/刘丽和编著.-北京:中国林业出版社,2001.04 |
| 155页;23cm |
| ISBN 7-5038-2674-6:RMB 26.00 |
| ● |
| 相关链接 |
|
|
|
正题名:校园园林绿地设计
索取号:TU985.12/L642
 
预约/预借
| 序号 | 登录号 | 条形码 | 馆藏地/架位号 | 状态 | 备注 |
| 1 | 355596 | 203555964 | 建筑与城市规划学院资料室/201建筑库 97排1列4层/ [索取号:TU985.12/L642] | 在馆 | |
| 2 | 355597 | 203555973 | 建筑库201/201建筑库 66排5列2层/ [索取号:TU985.12/L642] | 在馆 |